<?xml version="1.0" encoding="UTF-8"?>
<record
    xmlns:xsi="http://www.w3.org/2001/XMLSchema-instance"
    xsi:schemaLocation="http://www.loc.gov/MARC21/slim http://www.loc.gov/standards/marcxml/schema/MARC21slim.xsd"
    xmlns="http://www.loc.gov/MARC21/slim">

  <leader>00898nam a22002057a 4500</leader>
  <controlfield tag="005">20240902111617.0</controlfield>
  <controlfield tag="008">240902b           ||||| |||| 00| 0 eng d</controlfield>
  <datafield tag="020" ind1=" " ind2=" ">
    <subfield code="a">9789391945268</subfield>
  </datafield>
  <datafield tag="040" ind1=" " ind2=" ">
    <subfield code="c">AL</subfield>
  </datafield>
  <datafield tag="041" ind1=" " ind2=" ">
    <subfield code="a">eng</subfield>
  </datafield>
  <datafield tag="082" ind1=" " ind2=" ">
    <subfield code="2">23</subfield>
    <subfield code="a">361.3</subfield>
    <subfield code="b">RATM</subfield>
  </datafield>
  <datafield tag="100" ind1=" " ind2=" ">
    <subfield code="a">Rathwa R</subfield>
    <subfield code="9">178425</subfield>
  </datafield>
  <datafield tag="245" ind1=" " ind2=" ">
    <subfield code="a">Master handbook social work Vol.1</subfield>
  </datafield>
  <datafield tag="260" ind1=" " ind2=" ">
    <subfield code="a">Jaipur</subfield>
    <subfield code="b">Mark Publishers</subfield>
    <subfield code="c">2024</subfield>
  </datafield>
  <datafield tag="300" ind1=" " ind2=" ">
    <subfield code="a">250p.</subfield>
    <subfield code="b">HB</subfield>
    <subfield code="c">24x16cm.</subfield>
  </datafield>
  <datafield tag="365" ind1=" " ind2=" ">
    <subfield code="2">General</subfield>
    <subfield code="a">44</subfield>
    <subfield code="b">&#x20B9;1277.50</subfield>
    <subfield code="c">&#x20B9;</subfield>
    <subfield code="d">&#x20B9;1750.00</subfield>
    <subfield code="e">27%</subfield>
    <subfield code="f">20/08/2024</subfield>
  </datafield>
  <datafield tag="520" ind1=" " ind2=" ">
    <subfield code="a">System of social work; psychology and social work; social work application; research in social work; theory of social work; women and social work; role of families in social work; implications for social work; understanding of society and social work; learning social work; social psychology and social problems.</subfield>
  </datafield>
  <datafield tag="650" ind1=" " ind2=" ">
    <subfield code="2">Social Problems and Services</subfield>
    <subfield code="a">Social Work</subfield>
    <subfield code="9">178426</subfield>
  </datafield>
  <datafield tag="942" ind1=" " ind2=" ">
    <subfield code="2">ddc</subfield>
    <subfield code="c">BK</subfield>
  </datafield>
  <datafield tag="999" ind1=" " ind2=" ">
    <subfield code="c">231692</subfield>
    <subfield code="d">231692</subfield>
  </datafield>
  <datafield tag="952" ind1=" " ind2=" ">
    <subfield code="0">0</subfield>
    <subfield code="1">0</subfield>
    <subfield code="2">ddc</subfield>
    <subfield code="4">0</subfield>
    <subfield code="7">0</subfield>
    <subfield code="8">MSW</subfield>
    <subfield code="a">SACPG</subfield>
    <subfield code="b">SACPG</subfield>
    <subfield code="d">2024-08-31</subfield>
    <subfield code="e">Saraswati Publishers and Distributors</subfield>
    <subfield code="g">1277.50</subfield>
    <subfield code="l">0</subfield>
    <subfield code="o">361.3 RATM</subfield>
    <subfield code="p">PG024760</subfield>
    <subfield code="r">2024-09-02 00:00:00</subfield>
    <subfield code="v">1750.00</subfield>
    <subfield code="w">2024-09-02</subfield>
    <subfield code="y">BK</subfield>
  </datafield>
</record>
